Investovanie na akciovom trhu bakalárska práca

Na minha lista:
Detalhes bibliográficos
Autor principal: Kukučová, Martina
Autor Corporativo: Fakulta podnikového manažmentu EU. Katedra podnikových financií
Outros Autores: Mikloš, Miroslav, 1975-
Formato: Livro
Idioma:eslovaco
Publicado em: Bratislava 2009
Tags: Adicionar Tag
Sem tags, seja o primeiro a adicionar uma tag!

MARC

LEADER 00000nam$a2200000$$$4500
001 0102883
005 20240319124542.7
041 0 |a slo 
044 |a SK 
245 1 0 |a Investovanie na akciovom trhu  |b bakalárska práca  |c Martina Kukučová ; škol. Miroslav Mikloš 
264 1 |a Bratislava  |c 2009 
300 |a 37 s. 
100 1 |a Kukučová, Martina 
700 1 |a Mikloš, Miroslav, 1975- 
710 2 |a Fakulta podnikového manažmentu EU. Katedra podnikových financií